African mission : a historical study of the Society of African Missions whose priests have worked on the coast of West Africa and inland, in Liberia, the Ivory Coast, Ghana, Togoland, Dahomey and Nigeria, and in Egypt, since 1856 /
محفوظ في:
المؤلف الرئيسي:
التنسيق: كتاب
اللغة: English
منشور في:
London :
Burns & Oates,
[1962].
الموضوعات:
الوسوم: إضافة وسم
لا توجد وسوم, كن أول من يضع وسما على هذه التسجيلة!
رقم الطلب: BV2300 .S5 T6 1962
| LEADER | 00872nam a2200217I 4500 | ||
|---|---|---|---|
| 001 | 9640 | ||
| 003 | OSt | ||
| 005 | 20251021113416.0 | ||
| 008 | 130303s1962 enka b 000 0 eng d | ||
| 010 | |a 62049086 | ||
| 040 | |c ARCE Library | ||
| 050 | 4 | |a BV2300 .S5 T6 1962 | |
| 100 | 1 | |a Todd, John M., |q (John Murray), |d 1918-1993. |e author | |
| 245 | 1 | 0 | |a African mission : |b a historical study of the Society of African Missions whose priests have worked on the coast of West Africa and inland, in Liberia, the Ivory Coast, Ghana, Togoland, Dahomey and Nigeria, and in Egypt, since 1856 / |c With a pref. by David Mathew. |
| 264 | 1 | |a London : |b Burns & Oates, |c [1962]. | |
| 300 | |a 230 pages : |b illustrations ; |c 23 cm. | ||
| 504 | |a Includes bibliographical references. | ||
| 610 | 2 | 0 | |a Society of African Missions |x History. |
| 901 | |a reviewed | ||
| 942 | |c BK |2 lcc | ||
| 999 | |c 11970 |d 11970 | ||
